Menéndez, rey de la Patagonia

Guardat en:
Dades bibliogràfiques
Autor principal: Alonso Marchante, José Luis (autor)
Format: Llibre
Idioma:espanyol
Publicat: Santiago, Chile. Catalonia, 2018
Edició:7a. ed
Matèries:
Etiquetes: Afegir etiqueta
Sense etiquetes, Sigues el primer a etiquetar aquest registre!

MARC

LEADER 00000cam a2200000 a 4500
001 UCC8476
003 CL-VaPUC
005 20211026074156.0
008 190705e20180000cl |||||||||||||||||spa|d
999 |c 374803  |d 374801 
020 |a 9789563243079 
040 |c Pontificia Universidad Católica de Valparaíso 
082 0 4 |a 923.9 ALO 2018  |2 21 
100 |a Alonso Marchante, José Luis  |e autor  |9 603167 
245 1 0 |a Menéndez, rey de la Patagonia 
250 |a 7a. ed 
260 |a Santiago, Chile.  |b Catalonia,  |c 2018 
300 |a 354 páginas 
583 |a last modification  |c 20190705 13:21:00  |k Rodrigo Vera 
650 0 |a Biografías  |9 255210 
650 0 |a Comerciantes  |9 267878 
650 0 |a Pioneros  |2 CL-VaPUC  |9 445895 
651 0 |a Patagonia  |9 269580 
942 |c BK  |2 ddc 
945 |d 20190705 13:21:00  |a dcastane 
952 |0 0  |1 0  |3 erb  |4 0  |6 923_900000000000000_ALO_2018  |7 0  |8 A  |9 493519  |a BIBING  |b BIBING  |i 5554934  |l 1  |m 2  |o 923.9 ALO 2018  |p 5554934  |r 2025-01-20  |s 2023-03-22  |w 2019-11-24  |y BK  |z Catalogado en:20190705  |k GEO